Cyber Crimes : (Record no. 510)
[ view plain ]
| 000 -LEADER | |
|---|---|
| fixed length control field | 00495nam a22001817a 4500 |
| 003 - CONTROL NUMBER IDENTIFIER | |
| control field | OSt |
| 005 - DATE AND TIME OF LATEST TRANSACTION | |
| control field | 20230707091043.0 |
| 008 - FIXED-LENGTH DATA ELEMENTS--GENERAL INFORMATION | |
| fixed length control field | 230707b |||||||| |||| 00| 0 eng d |
| 020 ## - INTERNATIONAL STANDARD BOOK NUMBER | |
| International Standard Book Number | 9789386101709 |
| 040 ## - CATALOGING SOURCE | |
| Transcribing agency | NIRUC |
| Modifying agency | NIRUC |
| 050 ## - LIBRARY OF CONGRESS CALL NUMBER | |
| Classification number | HV6773.15 |
| Item number | .C97P58 |
| 100 ## - MAIN ENTRY--PERSONAL NAME | |
| Personal name | Pitts, Vannesa. |
| Relator term | Author. |
| 245 ## - TITLE STATEMENT | |
| Title | Cyber Crimes : |
| Remainder of title | History of word's worst cyber attacks / by Vannesa Pitts |
| 300 ## - PHYSICAL DESCRIPTION | |
| Extent | 90 p.: |
| Dimensions | 22 cm. |
| 650 ## - SUBJECT ADDED ENTRY--TOPICAL TERM | |
| Topical term or geographic name entry element | Cyberterrorism. |
| 650 ## - SUBJECT ADDED ENTRY--TOPICAL TERM | |
| Topical term or geographic name entry element | Computer Crime |
| 942 ## - ADDED ENTRY ELEMENTS (KOHA) | |
| Source of classification or shelving scheme | Library of Congress Classification |
| Koha item type | Books |
| Suppress in OPAC | No |
| Withdrawn status | Lost status | Source of classification or shelving scheme | Damaged status | Not for loan | Home library | Current library | Shelving location | Date acquired | Total checkouts | Full call number | Barcode | Date last seen | Price effective from | Koha item type |
|---|---|---|---|---|---|---|---|---|---|---|---|---|---|---|
| Library of Congress Classification | NIRU LIBRARY | NIRU LIBRARY | On display | 07/07/2023 | HV6773 .15. C9P58 | 2023-1246 | 07/07/2023 | 07/07/2023 | Books | |||||
| Library of Congress Classification | NIRU LIBRARY | NIRU LIBRARY | On display | 07/07/2023 | HV6773 .15. C9P58 | 2023-1247 | 07/07/2023 | 07/07/2023 | Books |
